Podaj pasującą odpowiedź #1 - edycja historyczna - Statystyki

Ogólne statystyki
  • Ten quiz został rozwiązany 158 razy
  • Średni wynik to 8 z 10
Statystyki odpowiedzi
Wskazówka Odpowiedź % Poprawnych
Jeden z czterech najbardziej znaczących podróżników z okresu wielkich odkryć geograficznych. Bartolomeu Dias / Krzysztof Kolumb / Vasco da Gama / Ferdynand Magellan
98%
Państwo, które kiedykolwiek podbiło miasto Moskwa (nie licząc Wlk.Ks.Moskiewskiego i Rosji). Mongolia / I Rzeczpospolita / Francja
96%
Jeden z krajów tzw. Trójprzymierza pod koniec XIX wieku. Niemcy / Włochy / Austro-Węgry
92%
Historyczna dynastia, z której wywodziło się min. 3 władców polskich. Piastowie / Jagiellonowie / Wazowie
92%
Prezydent USA, który padł ofiarą zamachu. Abraham Lincoln / James A. Garfield / William McKinley / John F. Kennedy
90%
Zryw narodowo-wyzwoleńczy Polaków w XIX wieku. Powstanie listopadowe / Powstanie krakowskie / Wiosna Ludów na ziemiach polskich / Powstanie styczniowe
80%
Bóg lub bogini z mitologii greckiej, których ojcem był Kronos. Hestia / Demeter / Hera / Hades / Posejdon / Zeus
79%
Jedna z trzech czołowych partii politycznych w Polsce 20-lecia międzywojennego. Polska Partia Socjalistyczna / Narodowa Demokracja / Polskie Stronnictwo Ludowe
70%
Państwo, które dołączyło do Unii Europejskiej później niż w 2004 roku. Rumunia / Bułgaria / Chorwacja
70%
Bitwa uznawana przez Edwarda S. Creasy'ego za jedną z 15 przełomowych w historii. Maraton / Sycylia / Gaugamela / Metaurus / Las Teutoburski / Pola Katalaunijskie / Poitiers / Hastings / Orlean / Wielka Armada / Blenheim / Połtawa / Saratoga / Valmy / Waterloo
30%
Nie znaleziono quizów pasujących do podanych kryteriów
Rozkład punktacji
Procent ludzi z każdym wynikiem
Percentyl według liczby udzielonych odpowiedzi
Twoja historia wyników
Nie rozwiązałeś tego quizu